Born in Bath - Statistics

General Stats
  • This quiz has been taken 14 times
  • The average score is 3 of 8
Answer Stats
Hint Answer % Correct
Footballer who plays for Aston Villa and the English national team 1993 Tyrone Mings
85%
Singer, musician and co-founding member of "Tears for Fears" 1961 Curt Smith
54%
Retired sprint athlete and gold medal winner in the 4x 100 metres at the 2004 Olympic Games 1975 Jason Gardener
46%
Former swimmer and winner of a Olympic silver medal 1995 Siobhan-Marie O'Connor
38%
Her YouTube channel became the first in the UK to reach one million subscibers 1990 Charlie McDonnell
31%
Sister-in-law of the King of Belgium since 2003 1974 Claire of Belgium
31%
Actress, best known for her role as Ellaria Sand in "Game of Thrones" 1973 Indira Varma
31%
Aviation pioneer 1867 Percy Pilcher
31%
No matching quizzes found
Score Distribution
Percent of People with Each Score
Percentile by Number Answered
Your Score History
You have not taken this quiz